[Event "Bad Woerishofen Sen"]
[Site "Bad Woerishofen"]
[Date "2001.??.??"]
[Round "8"]
[White "Dinser, Hans"]
[Black "Ofstad, Per"]
[Result "1/2-1/2"]
[WhiteElo "1906"]
[BlackElo "2194"]
[Annotator "ChessOrg"]
[PlyCount "109"]
[EventDate "1998.03.05"]
[Source "ChessBase"]
[SourceDate "1998.04.29"]

1. d4 d5 2. c4 c6 3. Nf3 Nf6 4. Nc3 e6 5. e3 Nbd7 6. Bd3 dxc4 7. Bxc4 b5 8. Be2
Bb7 9. O-O a6 10. a3 c5 11. dxc5 Bxc5 12. b4 Be7 13. Bb2 Qb6 14. Qd4 Qxd4 15.
Nxd4 O-O 16. Rfd1 Nb6 17. Nb3 Rac8 18. Na5 Ba8 19. Bf3 Bxf3 20. gxf3 Nc4 21.
Nxc4 Rxc4 22. Rac1 Rfc8 23. Kf1 Kf8 24. Ne2 Ke8 25. e4 g6 26. Rxc4 Rxc4 27. Rc1
Rxc1+ 28. Nxc1 Nd7 29. Nd3 Nb6 30. f4 f5 31. f3 Nc4 32. Bc1 Kd7 33. Ke2 Bd6 34.
e5 Be7 35. h3 Kc6 36. Ne1 Bd8 37. Kd3 Kd5 38. Nc2 Bb6 39. Kc3 Bf2 40. Kb3 Nb6
41. Kc3 Nc4 42. Kd3 Bb6 43. Kc3 Bd8 44. Kd3 h6 45. Nd4 g5 46. Ne2 gxf4 47. Nc3+
Kxe5 48. a4 Nd6 49. axb5 Nxb5 50. Ne2 Kf6 51. Bxf4 h5 52. Bg3 Kf7 53. Kc4 Bb6
54. Be5 Bf2 55. Kb3 1/2-1/2

[Event "Bad Woerishofen Sen"]
[Site "Bad Woerishofen"]
[Date "2001.??.??"]
[Round "2"]
[White "Disselberger, Alfons"]
[Black "Hennige, Anneliese"]
[Result "1-0"]
[WhiteElo "1313"]
[BlackElo "1700"]
[Annotator "ChessOrg"]
[PlyCount "81"]
[EventDate "1998.03.05"]
[Source "ChessBase"]
[SourceDate "1998.04.29"]

1. e4 d6 2. d3 Nc6 3. Nf3 e5 4. g3 g6 5. Bg2 Bg7 6. O-O Nf6 7. h4 O-O 8. Nbd2
b5 9. Re1 Bb7 10. Nf1 Qd7 11. N1h2 a5 12. Ng5 h6 13. Bh3 Qe7 14. Ngf3 d5 15.
Bg2 dxe4 16. dxe4 Rfd8 17. Qe2 Ba6 18. b3 b4 19. Qe3 Nd4 20. Nxd4 exd4 21. Qf4
Nh5 22. Qf3 d3 23. Rb1 dxc2 24. Rb2 Bxb2 25. Bxb2 Qd6 26. Rc1 Qd2 27. e5 Rd3
28. Qxa8+ Kg7 29. Qxa6 Qxc1+ 30. Bxc1 Rd1+ 31. Bf1 Rxc1 32. Qc4 g5 33. hxg5
hxg5 34. Qxc7 Kg6 35. Kg2 Ng7 36. Bd3+ Nf5 37. g4 Rd1 38. Qxc2 Rxd3 39. Qxd3 a4
40. Qxf5+ Kg7 41. Qxg5+ 1-0

[Event "Bad Woerishofen Sen"]
[Site "Bad Woerishofen"]
[Date "2001.??.??"]
[Round "4"]
[White "Disselberger, Alfons"]
[Black "Malik, Heinz"]
[Result "0-1"]
[WhiteElo "1313"]
[BlackElo "1700"]
[Annotator "ChessOrg"]
[PlyCount "84"]
[EventDate "1998.03.05"]
[Source "ChessBase"]
[SourceDate "1998.04.29"]

1. e4 e5 2. Nf3 Nf6 3. d3 Nc6 4. g3 d6 5. Bg2 Be7 6. O-O Bg4 7. h3 Be6 8. Ng5
Bd7 9. c3 h6 10. Nf3 Be6 11. Re1 Qc8 12. d4 Bxh3 13. d5 Bxg2 14. Kxg2 Nd8 15.
Qa4+ c6 16. b4 b5 17. Qd1 cxd5 18. exd5 Qb7 19. a4 a6 20. a5 Qxd5 21. Qxd5 Nxd5
22. Nxe5 dxe5 23. Rxe5 Nc7 24. Be3 Nce6 25. Bb6 O-O 26. Nd2 Bf6 27. Re3 Nb7 28.
Ne4 Be7 29. Rd1 Rfe8 30. Rde1 Nd6 31. Nc5 Nc4 32. Rxe6 fxe6 33. Rxe6 Bxc5 34.
Rxe8+ Rxe8 35. Bxc5 Kf7 36. Bd4 g6 37. Bc5 Nd2 38. Be3 Nb1 39. Bd4 Rc8 40. Be3
h5 41. Bc5 Nxc3 42. f3 Na4 0-1

[Event "Bad Woerishofen Sen"]
[Site "Bad Woerishofen"]
[Date "2001.??.??"]
[Round "6"]
[White "Disselberger, Alfons"]
[Black "Schumacher, Horst"]
[Result "0-1"]
[WhiteElo "1313"]
[BlackElo "1687"]
[Annotator "ChessOrg"]
[PlyCount "96"]
[EventDate "1998.03.05"]
[Source "ChessBase"]
[SourceDate "1998.04.29"]

1. e4 e5 2. Nf3 d6 3. Bc4 h6 4. Nc3 c6 5. Bb3 Nf6 6. O-O g5 7. d4 Qe7 8. dxe5
dxe5 9. Ba4 Bg7 10. Nd5 Nxd5 11. exd5 O-O 12. dxc6 bxc6 13. Be3 Rd8 14. Qc1 Bb7
15. Re1 Nd7 16. Nxg5 hxg5 17. Bxg5 f6 18. Bh4 Nc5 19. Bb3+ Nxb3 20. axb3 Qb4
21. Ra4 Qd2 22. Qxd2 Rxd2 23. Rc4 Rad8 24. h3 Rd1 25. Rxd1 Rxd1+ 26. Kh2 Rd4
27. Ra4 a6 28. Rxd4 exd4 29. b4 Kf7 30. f3 Ke6 31. g4 Kd5 32. b3 Bc8 33. Kg2
Be6 34. Be1 f5 35. Bd2 fxg4 36. hxg4 Bf7 37. f4 Ke4 38. Kg3 Bd5 39. g5 Kf5 40.
Kf2 Be4 41. Ke2 Bxc2 42. Bc1 Ke4 43. Kf2 Bxb3 44. Kg3 Kd3 45. Kg4 Kc2 46. Ba3
d3 47. b5 axb5 48. Bb4 Bc3 0-1

[Event "Bad Woerishofen Sen"]
[Site "Bad Woerishofen"]
[Date "2001.??.??"]
[Round "8"]
[White "Disselberger, Alfons"]
[Black "Krueger, Manfred"]
[Result "0-1"]
[WhiteElo "1313"]
[BlackElo "1700"]
[Annotator "ChessOrg"]
[PlyCount "52"]
[EventDate "1998.03.05"]
[Source "ChessBase"]
[SourceDate "1998.04.29"]

1. e4 e5 2. Nf3 Nc6 3. Bc4 Be7 4. d4 exd4 5. Nxd4 Ne5 6. Bb3 d6 7. h3 Nf6 8.
Nc3 O-O 9. Bg5 a6 10. Qd2 c5 11. Nf5 Bxf5 12. exf5 c4 13. Ba4 b5 14. f4 Ned7
15. Bxf6 Bxf6 16. Bxb5 Re8+ 17. Kd1 Bxc3 18. bxc3 axb5 19. Qxd6 Ra6 20. Qb4
Nf6+ 21. Kc1 Qb6 22. Kb2 Nd5 23. Rhe1 Rea8 24. a4 Nxb4 25. cxb4 Qd4+ 26. c3
Qd2+ 0-1

[Event "Bad Woerishofen Sen"]
[Site "Bad Woerishofen"]
[Date "2001.??.??"]
[Round "1"]
[White "Dunkel, Horst"]
[Black "Bierbach, Utz"]
[Result "0-1"]
[WhiteElo "1700"]
[BlackElo "2055"]
[Annotator "ChessOrg"]
[PlyCount "113"]
[EventDate "1998.03.05"]
[Source "ChessBase"]
[SourceDate "1998.04.29"]

1. e4 d5 2. e5 c5 3. f4 g6 4. Nf3 Nc6 5. Bb5 Qb6 6. Nc3 e6 7. Bxc6+ bxc6 8. d3
Ne7 9. O-O c4+ 10. d4 h5 11. Nh4 Nf5 12. Nxf5 gxf5 13. h3 Qd8 14. Be3 Rb8 15.
Rb1 Qa5 16. a3 c5 17. Ne2 cxd4 18. Bxd4 Bd7 19. c3 Ba4 20. Qd2 Bb3 21. Nc1 Bc5
22. Nxb3 Rxb3 23. Bxc5 Qxc5+ 24. Qf2 Qxf2+ 25. Rxf2 Ke7 26. Rd1 h4 27. Re2 Rg8
28. Kf2 Rg3 29. Rdd2 Kd7 30. Re3 Rg8 31. a4 Rgb8 32. Ree2 Kc6 33. g3 Rh8 34.
gxh4 Rxh4 35. Kg3 Rh6 36. Rh2 Rb8 37. Rdg2 Kc5 38. Kf3 d4 39. cxd4+ Kd5 40. Re2
a5 41. Re3 Rbh8 42. Kg3 Rg6+ 43. Kf3 Rhg8 44. Kf2 Kxd4 45. h4 Rg4 46. Rf3 Ke4
47. h5 Rh8 48. h6 Rh7 49. b3 cxb3 50. Rxb3 Rxf4+ 51. Ke2 Kxe5 52. Rb5+ Kf6 53.
Rxa5 Rb4 54. Kd3 Kg6 55. Kc3 Rb7 56. Ra8 Rxh6 57. a5 0-1

[Event "Bad Woerishofen Sen"]
[Site "Bad Woerishofen"]
[Date "2001.??.??"]
[Round "3"]
[White "Dunkel, Horst"]
[Black "Schoen, Siegfried"]
[Result "1-0"]
[WhiteElo "1700"]
[BlackElo "1539"]
[Annotator "ChessOrg"]
[PlyCount "89"]
[EventDate "1998.03.05"]
[Source "ChessBase"]
[SourceDate "1998.04.29"]

1. e4 d5 2. e5 c5 3. f4 Nc6 4. Nf3 Bg4 5. Bb5 e6 6. Bxc6+ bxc6 7. O-O Nh6 8. d3
Be7 9. b3 Nf5 10. c3 O-O 11. Qe1 Bxf3 12. Rxf3 a5 13. Qd1 Qb6 14. c4 a4 15.
bxa4 Qa5 16. Bd2 Qxa4 17. Qxa4 Rxa4 18. Nc3 Ra6 19. a4 Nd4 20. Rf2 Rb8 21. Be1
Bd8 22. Rfa2 Ba5 23. Kf1 Rb3 24. Rc1 g6 25. Bd2 Bb4 26. Ke1 Ba3 27. Rb1 Rxb1+
28. Nxb1 Bb4 29. Kd1 Ra8 30. Nc3 Nb3 31. Be1 Nd4 32. Ne2 Nxe2 33. Kxe2 Bxe1 34.
Kxe1 d4 35. a5 Ra6 36. Ke2 Kf8 37. Kf3 f5 38. exf6 Kf7 39. Ke4 Kxf6 40. g4 h6
41. h4 h5 42. g5+ Ke7 43. Ke5 Ra8 44. a6 Ra7 45. Ra5 1-0

[Event "Bad Woerishofen Sen"]
[Site "Bad Woerishofen"]
[Date "2001.??.??"]
[Round "4"]
[White "Dunkel, Horst"]
[Black "Xander, Karl"]
[Result "1-0"]
[WhiteElo "1700"]
[BlackElo "1920"]
[Annotator "ChessOrg"]
[PlyCount "120"]
[EventDate "1998.03.05"]
[Source "ChessBase"]
[SourceDate "1998.04.29"]

1. e4 c5 2. f4 Nc6 3. Bb5 e6 4. Bxc6 bxc6 5. Nf3 d5 6. e5 Ba6 7. d3 Nh6 8. O-O
Nf5 9. b3 Be7 10. c4 O-O 11. Nc3 Qc7 12. Qe1 Rfd8 13. Qf2 Rd7 14. Na4 dxc4 15.
dxc4 Nd4 16. Ba3 Qa5 17. Rac1 Rad8 18. Kh1 Bb7 19. Bb2 Nxf3 20. Qxf3 Qd2 21. h3
Rd3 22. Qf2 Qxf2 23. Rxf2 g5 24. Rcf1 g4 25. hxg4 Rg3 26. g5 h6 27. gxh6 Rg6
28. Kg1 Bh4 29. Rf3 Rd2 30. Rh3 Rgxg2+ 31. Kh1 Bg3 32. h7+ Kh8 33. f5 Bc8 34.
Bc1 Rh2+ 35. Rxh2 Rxh2+ 36. Kg1 Bxe5 37. Bf4 Bxf4 38. Rxf4 Rxa2 39. fxe6 Bxe6
40. Nxc5 Kxh7 41. Nxe6 fxe6 42. Re4 Ra3 43. Rxe6 Rxb3 44. Kf2 a5 45. Rxc6 a4
46. Ke2 a3 47. Kd2 a2 48. Ra6 Rh3 49. Kc2 Kg7 50. Rxa2 Kf6 51. Ra5 Ke6 52. Rd5
Rg3 53. Rd2 Rh3 54. Rd3 Rh1 55. Kc3 Rc1+ 56. Kb4 Rb1+ 57. Ka5 Ra1+ 58. Kb5 Rb1+
59. Kc6 Re1 60. c5 Re5 1-0

[Event "Bad Woerishofen Sen"]
[Site "Bad Woerishofen"]
[Date "2001.??.??"]
[Round "7"]
[White "Dunkel, Horst"]
[Black "Fels, Karl-Heinz"]
[Result "1-0"]
[WhiteElo "1700"]
[BlackElo "1859"]
[Annotator "ChessOrg"]
[PlyCount "91"]
[EventDate "1998.03.05"]
[Source "ChessBase"]
[SourceDate "1998.04.29"]

1. e4 e5 2. Bc4 Nf6 3. Nc3 Nc6 4. d3 Bb4 5. Bd2 O-O 6. Nge2 Na5 7. Bb3 Nxb3 8.
axb3 d5 9. exd5 Nxd5 10. O-O Bc5 11. Ne4 Bb6 12. h3 f5 13. N4c3 c6 14. Na4 Bc7
15. Qe1 f4 16. f3 g5 17. Nc5 Qf6 18. Ne4 Qg6 19. c4 Nf6 20. N2c3 h5 21. Nxf6+
Qxf6 22. Ne4 Qg7 23. g4 hxg4 24. hxg4 Kf7 25. Kg2 Rh8 26. Rh1 Kg6 27. Rxh8 Qxh8
28. Qh1 Qxh1+ 29. Rxh1 Be6 30. Bc3 Rd8 31. Rd1 b6 32. b4 Rd7 33. Nf2 Rh7 34.
Re1 Kf6 35. b3 Bg8 36. d4 exd4 37. Bxd4+ Kg6 38. Re8 Bf7 39. Ra8 b5 40. Rxa7
Be6 41. Ra6 Bd7 42. cxb5 Be8 43. bxc6 Bf7 44. b5 Bxb3 45. b6 Bb8 46. c7 1-0

[Event "Bad Woerishofen Sen"]
[Site "Bad Woerishofen"]
[Date "2001.??.??"]
[Round "9"]
[White "Dunkel, Horst"]
[Black "Scheidt, Eugen"]
[Result "0-1"]
[WhiteElo "1700"]
[BlackElo "1927"]
[Annotator "ChessOrg"]
[PlyCount "138"]
[EventDate "1998.03.05"]
[Source "ChessBase"]
[SourceDate "1998.04.29"]

1. e4 e6 2. f4 d5 3. e5 c5 4. Nf3 Nc6 5. Bb5 Bd7 6. Bxc6 bxc6 7. O-O Qb6 8. Kh1
Nh6 9. d3 Be7 10. c4 Nf5 11. b3 a5 12. Nc3 g6 13. Na4 Qa7 14. Qe2 h5 15. Qf2 h4
16. Bb2 Ng3+ 17. Kg1 Nxf1 18. Rxf1 d4 19. h3 Rb8 20. Ba3 Rb4 21. Nd2 Kd8 22.
Ne4 Kc7 23. Qc2 Rhb8 24. Rc1 Rh8 25. Qe2 Rh5 26. Bxb4 axb4 27. Qg4 Qa5 28. Rf1
Rh7 29. Ng5 Bxg5 30. Qxg5 Kc8 31. Qe7 Qd8 32. Qxc5 g5 33. fxg5 Qxg5 34. Qxd4
Rg7 35. Rf2 Be8 36. Qf4 Qh5 37. d4 Qd1+ 38. Kh2 Rg3 39. Qxh4 Re3 40. Qf4 Re1
41. Qd2 Rh1+ 42. Kg3 Qh5 43. Rf3 Qg6+ 44. Kf2 Qb1 45. Qe2 Qg1+ 46. Kg3 Qxd4 47.
Rd3 Qg1 48. c5 Qh2+ 49. Kf3 f5 50. exf6 Bh5+ 51. g4 Qxh3+ 52. Kf4 Rf1+ 53. Kg5
Rf5+ 54. gxf5 Qxf5+ 55. Kh4 Bxe2 56. Nb6+ Kb7 57. Rd7+ Kb8 58. Rd8+ Kb7 59. Kg3
Qf3+ 60. Kh2 Qf4+ 61. Kg2 Qf3+ 62. Kh2 Qf2+ 63. Kh3 Bf1+ 64. Kg4 Qf5+ 65. Kg3
Qe5+ 66. Kg4 Be2+ 67. Kh3 Qxf6 68. Rb8+ Ka6 69. Nd7 Qh6+ 0-1

[Event "Bad Woerishofen Sen"]
[Site "Bad Woerishofen"]
[Date "2001.??.??"]
[Round "1"]
[White "Duer, Maria"]
[Black "Nefzger, Franz"]
[Result "1-0"]
[WhiteElo "1855"]
[BlackElo "1653"]
[Annotator "ChessOrg"]
[PlyCount "150"]
[EventDate "1998.03.05"]
[Source "ChessBase"]
[SourceDate "1998.04.29"]

1. d4 d5 2. c4 Nf6 3. cxd5 Qxd5 4. Nc3 Qd8 5. e4 e6 6. Bg5 Be7 7. Nf3 O-O 8.
Bd3 Nc6 9. e5 Ne8 10. Bxe7 Qxe7 11. O-O g6 12. a3 b6 13. Qd2 Bb7 14. Qh6 f6 15.
Rfe1 Nd8 16. Be4 Bxe4 17. Rxe4 Qg7 18. Qxg7+ Nxg7 19. exf6 Rxf6 20. b4 c6 21.
Rc1 Nf5 22. Ne5 Nd6 23. Re3 b5 24. f3 Nf5 25. Rd3 Nd6 26. Ne2 Nc4 27. Nxc4 bxc4
28. Rxc4 a5 29. bxa5 Rxa5 30. Rb3 Kf7 31. a4 Ke7 32. Kf2 Kd6 33. Rb8 Kc7 34.
Rbb4 Nb7 35. Rc3 Nd6 36. Ng3 h5 37. Re3 c5 38. dxc5 Rxc5 39. Ne4 Rc2+ 40. Re2
Nxe4+ 41. Rbxe4 Rxe2+ 42. Kxe2 Kd6 43. h4 Kd5 44. Kd3 e5 45. Ke3 Rb6 46. Kf2
Rb2+ 47. Re2 Rb4 48. Ra2 Rxh4 49. a5 Rc4 50. a6 Rc8 51. a7 Ra8 52. Ke3 g5 53.
Ra5+ Ke6 54. Ke4 g4 55. fxg4 hxg4 56. Rxe5+ Kd6 57. Ra5 Ke6 58. Kf4 Rf8+ 59.
Kxg4 Rg8+ 60. Kf3 Ra8 61. g4 Rf8+ 62. Kg3 Ra8 63. g5 Kf7 64. Kg4 Kg6 65. Ra6+
Kg7 66. Kf5 Rf8+ 67. Rf6 Re8 68. Rg6+ Kf7 69. Rf6+ Kg7 70. Rb6 Rf8+ 71. Ke5 Ra8
72. Ra6 Re8+ 73. Kd5 Rd8+ 74. Kc5 Rc8+ 75. Kb5 Ra8 1-0

[Event "Bad Woerishofen Sen"]
[Site "Bad Woerishofen"]
[Date "2001.??.??"]
[Round "3"]
[White "Duer, Maria"]
[Black "Tessmer, Herbert"]
[Result "1/2-1/2"]
[WhiteElo "1855"]
[BlackElo "1700"]
[Annotator "ChessOrg"]
[PlyCount "116"]
[EventDate "1998.03.05"]
[Source "ChessBase"]
[SourceDate "1998.04.29"]

1. d4 Nf6 2. c4 c5 3. d5 e6 4. Nc3 exd5 5. cxd5 d6 6. Nf3 g6 7. Bg5 Bg7 8. e3
O-O 9. Bd3 Bg4 10. h3 Bxf3 11. Qxf3 Nbd7 12. Bf4 Ne8 13. O-O a6 14. Rab1 b5 15.
a3 c4 16. Be2 Nc5 17. Rfd1 f5 18. Bf1 Rc8 19. Qe2 Nf6 20. Bg5 Qb6 21. f3 Rfe8
22. Qc2 Nh5 23. Re1 Nb3 24. Qf2 f4 25. Rbd1 Be5 26. Ne4 fxe3 27. Bxe3 Qc7 28.
g4 Nf6 29. Nxf6+ Bxf6 30. Kg2 Qg7 31. Re2 Qf7 32. f4 Nc5 33. Bxc5 Rxe2 34. Qxe2
Rxc5 35. Qd2 Qg7 36. Qe2 Qe7 37. Qxe7 Bxe7 38. Be2 Bf6 39. Rd2 Kf7 40. Bf3 Rc7
41. g5 Bg7 42. Bg4 c3 43. bxc3 Rxc3 44. Be6+ Kf8 45. Ra2 Rb3 46. Bc8 a5 47. Bd7
Rb2+ 48. Rxb2 Bxb2 49. Bxb5 Bxa3 50. Kf3 Kg7 51. Ke4 Bc1 52. f5 gxf5+ 53. Kxf5
Bd2 54. h4 h6 55. g6 Be1 56. h5 Bc3 57. Ke6 Bb4 58. Ba4 Bc5 1/2-1/2

[Event "Bad Woerishofen Sen"]
[Site "Bad Woerishofen"]
[Date "2001.??.??"]
[Round "5"]
[White "Duer, Maria"]
[Black "Dunkel, Horst"]
[Result "1/2-1/2"]
[WhiteElo "1855"]
[BlackElo "1700"]
[Annotator "ChessOrg"]
[PlyCount "114"]
[EventDate "1998.03.05"]
[Source "ChessBase"]
[SourceDate "1998.04.29"]

1. d4 e6 2. c4 Nf6 3. Nc3 d5 4. Nf3 h6 5. e3 dxc4 6. Bxc4 a6 7. a3 Bd6 8. e4
Be7 9. e5 Nd5 10. O-O Nb6 11. Bd3 Nc6 12. h3 Nd5 13. Qc2 Nxc3 14. Qxc3 Qd5 15.
Re1 Qa5 16. Be4 Qxc3 17. bxc3 Bd7 18. Rb1 Rb8 19. c4 O-O 20. Re3 Na5 21. Rc3 f5
22. exf6 Bxf6 23. Ne5 Be8 24. Bd2 c5 25. Be3 Ba4 26. f4 Rfd8 27. dxc5 Bc6 28.
Bxc6 Bxe5 29. fxe5 Nxc6 30. Rcb3 Na5 31. Rc3 Rbc8 32. Rb6 Rc6 33. Kf2 Kf7 34.
Ke2 Rd7 35. Rb1 Rc8 36. Rb6 Rcc7 37. Bf2 Rc6 38. Rb4 Rcc7 39. Rf3+ Ke8 40. Rd3
Nc6 41. Rb6 Rxd3 42. Kxd3 Nxe5+ 43. Kc3 Nc6 44. Bg3 Rd7 45. Bd6 Kf7 46. Rb2 e5
47. Rf2+ Ke6 48. Rf8 Rf7 49. g4 Rxf8 50. Bxf8 Kf7 51. Bd6 g6 52. Kd3 Ke6 53.
Ke4 h5 54. gxh5 gxh5 55. Bc7 Kf6 56. Bd6 Ke6 57. Bc7 Kf6 1/2-1/2

[Event "Bad Woerishofen Sen"]
[Site "Bad Woerishofen"]
[Date "2001.??.??"]
[Round "7"]
[White "Duer, Maria"]
[Black "Harke, Horst"]
[Result "1/2-1/2"]
[WhiteElo "1855"]
[BlackElo "1706"]
[Annotator "ChessOrg"]
[PlyCount "168"]
[EventDate "1998.03.05"]
[Source "ChessBase"]
[SourceDate "1998.04.29"]

1. d4 d5 2. c4 e6 3. Nf3 Nf6 4. e3 Bb4+ 5. Bd2 Bxd2+ 6. Nbxd2 O-O 7. Qc2 Nbd7
8. Rc1 c6 9. Bd3 Re8 10. Ne5 dxc4 11. Ndxc4 Nb6 12. Nxb6 axb6 13. a3 g6 14. O-O
b5 15. Qc5 Nd7 16. Nxd7 Qxd7 17. Be2 Qe7 18. Qxe7 Rxe7 19. Rc5 f5 20. f4 h5 21.
h4 Bd7 22. Rfc1 Be8 23. Bf3 Kf7 24. Bd1 Kf6 25. Bb3 Rd7 26. Re5 Rd6 27. Rc2 Bf7
28. Kf2 Ra6 29. Rec5 Rd8 30. Kf3 Rd6 31. Ke2 Ra8 32. Kd3 Rad8 33. Rc1 Be8 34.
Ke2 b6 35. R5c2 Ra8 36. Rd1 Ke7 37. Rcd2 Bf7 38. Bc2 Rad8 39. Bd3 Be8 40. Bc2
c5 41. dxc5 Rxd2+ 42. Rxd2 Rxd2+ 43. Kxd2 bxc5 44. g3 e5 45. e4 exf4 46. gxf4
Bd7 47. exf5 gxf5 48. Bd1 Be8 49. Bc2 Bd7 50. Bd1 Be8 51. Bf3 Kd6 52. Kd3 Bf7
53. Kc3 Be8 54. Kc2 Bf7 55. Kd3 Bc4+ 56. Kc3 Bf7 57. Be2 Be8 58. Bd3 Bd7 59.
Be2 Be8 60. Kd3 Bf7 61. Ke3 Be8 62. Bd3 Bd7 63. Kd2 Kd5 64. Ke3 Kd6 65. Be2 Be8
66. Bf3 Bf7 67. Kd2 Bg6 68. Kc3 Bf7 69. Bb7 Be6 70. Bf3 Bf7 71. Be2 Be8 72. b3
Kc7 73. a4 bxa4 74. bxa4 Kb6 75. Bd1 Kc6 76. Bf3+ Kb6 77. Bd1 Kc6 78. Bb3 Kb6
79. Be6 Bxa4 80. Bxf5 Kc7 81. Kc4 Kd6 82. Bg6 Bd1 83. f5 Be2+ 84. Kc3 Ke5
1/2-1/2

[Event "Bad Woerishofen Sen"]
[Site "Bad Woerishofen"]
[Date "2001.??.??"]
[Round "9"]
[White "Duer, Maria"]
[Black "Hartmann, Rudi"]
[Result "1/2-1/2"]
[WhiteElo "1855"]
[BlackElo "1740"]
[Annotator "ChessOrg"]
[PlyCount "25"]
[EventDate "1998.03.05"]
[Source "ChessBase"]
[SourceDate "1998.04.29"]

1. d4 d5 2. c4 e6 3. Nf3 Nf6 4. Bg5 Be7 5. e3 O-O 6. Nc3 c6 7. Rc1 Nbd7 8. Qc2
Re8 9. Bd3 dxc4 10. Bxc4 Nd5 11. Bxe7 Qxe7 12. a3 Nxc3 13. Qxc3 1/2-1/2

[Event "Bad Woerishofen Sen"]
[Site "Bad Woerishofen"]
[Date "2001.??.??"]
[Round "2"]
[White "Eichinger, Adolf"]
[Black "Geckle, Gerhard"]
[Result "1/2-1/2"]
[WhiteElo "1700"]
[BlackElo "1531"]
[Annotator "ChessOrg"]
[PlyCount "60"]
[EventDate "1998.03.05"]
[Source "ChessBase"]
[SourceDate "1998.04.29"]

1. e4 d6 2. d4 Nf6 3. Nc3 c6 4. Nf3 Qa5 5. Bd2 Qc7 6. Bc4 Bg4 7. h3 Bxf3 8.
Qxf3 e6 9. O-O Be7 10. e5 dxe5 11. dxe5 Nd5 12. Qg3 Nxc3 13. Qxg7 Rf8 14. Bxc3
Nd7 15. Rad1 O-O-O 16. Bxe6 fxe6 17. Qxe7 Rfe8 18. Qa3 b6 19. Bb4 c5 20. Bc3
Qb7 21. Rd3 Rg8 22. f3 Rg7 23. b4 Rdg8 24. Rd2 Qc7 25. bxc5 Nxc5 26. Rff2 Kb7
27. Rd4 h5 28. Rc4 Rd7 29. Rd2 Rxd2 30. Bxd2 Qxe5 1/2-1/2

[Event "Bad Woerishofen Sen"]
[Site "Bad Woerishofen"]
[Date "2001.??.??"]
[Round "4"]
[White "Eichinger, Adolf"]
[Black "Schoen, Siegfried"]
[Result "1/2-1/2"]
[WhiteElo "1700"]
[BlackElo "1539"]
[Annotator "ChessOrg"]
[PlyCount "38"]
[EventDate "1998.03.05"]
[Source "ChessBase"]
[SourceDate "1998.04.29"]

1. e4 d5 2. exd5 Qxd5 3. Nc3 Qa5 4. d4 Nf6 5. Bd2 c6 6. Ne4 Qc7 7. Nxf6+ gxf6
8. Nf3 Bf5 9. g3 e6 10. c4 Qd8 11. c5 Be4 12. Bc3 Qd5 13. Bg2 Nd7 14. O-O Bg7
15. Nh4 Bxg2 16. Nxg2 O-O-O 17. Ne3 Qg5 18. Nc4 Nxc5 19. Bd2 Qd5 1/2-1/2

[Event "Bad Woerishofen Sen"]
[Site "Bad Woerishofen"]
[Date "2001.??.??"]
[Round "6"]
[White "Eichinger, Adolf"]
[Black "Verdcheval, Hans"]
[Result "0-1"]
[WhiteElo "1700"]
[BlackElo "1555"]
[Annotator "ChessOrg"]
[PlyCount "42"]
[EventDate "1998.03.05"]
[Source "ChessBase"]
[SourceDate "1998.04.29"]

1. e4 e6 2. d4 d5 3. Nc3 Nf6 4. Bg5 Be7 5. Bxf6 Bxf6 6. e5 Be7 7. a3 O-O 8. Be2
c5 9. Nf3 Nc6 10. Bb5 cxd4 11. Bxc6 dxc3 12. bxc3 bxc6 13. O-O c5 14. a4 Bd7
15. Kh1 Rb8 16. Qd3 c4 17. Qd4 Qc7 18. h4 f6 19. Nh2 fxe5 20. Qg4 Rf4 21. Qh5
Rxh4 0-1

[Event "Bad Woerishofen Sen"]
[Site "Bad Woerishofen"]
[Date "2001.??.??"]
[Round "8"]
[White "Eichinger, Adolf"]
[Black "Hoeppner, Hans"]
[Result "1-0"]
[WhiteElo "1700"]
[BlackElo "1617"]
[Annotator "ChessOrg"]
[PlyCount "77"]
[EventDate "1998.03.05"]
[Source "ChessBase"]
[SourceDate "1998.04.29"]

1. e4 e6 2. d4 Ne7 3. Bg5 f6 4. Be3 f5 5. Bd3 d5 6. exf5 Nxf5 7. Nf3 Bd6 8. O-O
O-O 9. c4 Nh4 10. Ng5 Qe8 11. Bxh7+ Kh8 12. Qg4 Nf5 13. Bxf5 Rxf5 14. Qh4+ Kg8
15. Qh7+ Kf8 16. Qh8+ Ke7 17. Qxg7+ Kd8 18. cxd5 e5 19. Ne4 Rf7 20. Bg5+ Be7
21. Qxe5 Nd7 22. Qg3 Nf6 23. Rc1 c5 24. Bxf6 Bxf6 25. Nxf6 Rxf6 26. Nd2 Bd7 27.
Re1 Qf8 28. Qg5 Kc7 29. Qe5+ Kb6 30. Ne4 Rf5 31. dxc5+ Ka6 32. Qd4 b5 33. c6
Bc8 34. Nc5+ Ka5 35. b4+ Kb6 36. Ne6+ Ka6 37. Nxf8 Be6 38. Nxe6 Rg8 39. Nc7#
1-0

[Event "Bad Woerishofen Sen"]
[Site "Bad Woerishofen"]
[Date "2001.??.??"]
[Round "2"]
[White "Eisenhuth, Matthias"]
[Black "Ottmann, Josef"]
[Result "0-1"]
[WhiteElo "1718"]
[BlackElo "1940"]
[Annotator "ChessOrg"]
[PlyCount "96"]
[EventDate "1998.03.05"]
[Source "ChessBase"]
[SourceDate "1998.04.29"]

1. d4 Nf6 2. c4 e6 3. a3 b6 4. Nc3 Bb7 5. Nf3 Be7 6. e3 O-O 7. Bd3 d5 8. cxd5
exd5 9. O-O Nbd7 10. b4 a5 11. b5 Bd6 12. Re1 Ne4 13. Qc2 Re8 14. a4 Nxc3 15.
Qxc3 Bb4 16. Qc2 Bxe1 17. Bxh7+ Kh8 18. Nxe1 g6 19. Bxg6 fxg6 20. Qxg6 Qf6 21.
Qh5+ Kg8 22. Nf3 Re7 23. Ba3 Rh7 24. Qg5+ Rg7 25. Qxf6 Nxf6 26. Ne5 Nd7 27. Nd3
Rc8 28. Nf4 Nf6 29. Ne6 Rd7 30. h3 c6 31. g4 cxb5 32. axb5 Rc3 33. g5 Ne4 34.
h4 Kf7 35. Nf4 Rdc7 36. g6+ Kf6 37. h5 Kg5 38. Bf8 Bc8 39. h6 Nf6 40. g7 Rc1+
41. Rxc1 Rxc1+ 42. Kg2 Bf5 43. Be7 Bh7 44. Ne6+ Kxh6 45. Bxf6 Bg8 46. Nf8 a4
47. Nd7 a3 48. Nxb6 a2 0-1

[Event "Bad Woerishofen Sen"]
[Site "Bad Woerishofen"]
[Date "2001.??.??"]
[Round "4"]
[White "Eisenhuth, Matthias"]
[Black "Geckle, Gerhard"]
[Result "1-0"]
[WhiteElo "1718"]
[BlackElo "1531"]
[Annotator "ChessOrg"]
[PlyCount "147"]
[EventDate "1998.03.05"]
[Source "ChessBase"]
[SourceDate "1998.04.29"]

1. d4 f5 2. c4 g6 3. Nc3 Nf6 4. f3 Bg7 5. e4 fxe4 6. fxe4 O-O 7. e5 Nh5 8. Nf3
c6 9. Be2 Nf4 10. O-O Nxe2+ 11. Qxe2 d5 12. h3 e6 13. Bg5 Qe8 14. c5 b6 15. b4
Ba6 16. b5 cxb5 17. Qd2 b4 18. Ne2 Nc6 19. Rfc1 Bc4 20. cxb6 axb6 21. Ng3 Ra3
22. Kh2 b5 23. Bh6 Rf7 24. Bxg7 Kxg7 25. Qg5 Rfa7 26. Nh5+ Kh8 27. Qf6+ Kg8 28.
Qg5 Qe7 29. Nf6+ Kh8 30. Qh4 Rxf3 31. gxf3 Na5 32. Rg1 Qf7 33. Qh6 Bd3 34. Rac1
Nc4 35. Rg2 Qg7 36. Qf4 Ra8 37. Rcg1 Qf7 38. Qh6 Qg7 39. Qc1 Bf5 40. Qe1 Qe7
41. h4 Ra3 42. Qe2 Bd3 43. Qf2 Bf5 44. Rg3 Rd3 45. Re1 Rd2 46. Re2 Rxe2 47.
Qxe2 Qa7 48. h5 Qxd4 49. hxg6 hxg6 50. Ng4 Qf4 51. Kg2 Qd2 52. Qxd2 Nxd2 53.
Ne3 Bb1 54. Nf1 Nxf1 55. Kxf1 Kg7 56. Rg2 d4 57. Ke1 d3 58. Rb2 Bc2 59. Rxb4
Ba4 60. Kd2 Kh6 61. Kxd3 Kg5 62. Ke3 Kf5 63. f4 g5 64. fxg5 Kxg5 65. Rf4 Bc2
66. Rf2 Bb1 67. Kd4 Bg6 68. Kc5 Be8 69. Kd6 Kg6 70. Kxe6 b4 71. Rg2+ Kh5 72.
Kf6 Bc6 73. Rb2 Bd5 74. e6 1-0

[Event "Bad Woerishofen Sen"]
[Site "Bad Woerishofen"]
[Date "2001.??.??"]
[Round "6"]
[White "Eisenhuth, Matthias"]
[Black "Xander, Karl"]
[Result "0-1"]
[WhiteElo "1718"]
[BlackElo "1920"]
[Annotator "ChessOrg"]
[PlyCount "80"]
[EventDate "1998.03.05"]
[Source "ChessBase"]
[SourceDate "1998.04.29"]

1. d4 Nf6 2. c4 g6 3. f3 c5 4. d5 Bg7 5. Nc3 d6 6. e4 O-O 7. Bg5 Qb6 8. Qd2
Nbd7 9. a4 a6 10. a5 Qc7 11. Bd3 b6 12. axb6 Qxb6 13. Nge2 Ne5 14. O-O Rb8 15.
Rfb1 Bd7 16. f4 Nxd3 17. Qxd3 h6 18. Bh4 Rfe8 19. h3 Nh7 20. Bg3 Nf6 21. Bf2 a5
22. g4 Qc7 23. Bg3 Nh7 24. Ra2 Rb4 25. Qc2 Reb8 26. b3 Qb6 27. Ra3 a4 28. Nc1
Bd4+ 29. Bf2 Bxf2+ 30. Kxf2 Kg7 31. e5 h5 32. f5 dxe5 33. fxg6 fxg6 34. d6 Rf8+
35. Kg3 Qxd6 36. Qd3 Qf6 37. Qe3 Bc6 38. Nd3 Qf3+ 39. Qxf3 Rxf3+ 40. Kh4 g5+
0-1